Die Wirklichkeit lesen : Political Literacy und politische Bildung in der Migrationsgesellschaft.

Bibliographic Details
Main Author: Gensluckner, Lisa.
Other Authors: Ralser, Michaela., Thomas-Olalde, Oscar., Yildiz, Erol.
Format: eBook
Language:German
Published: Bielefeld : transcript, 2021.
Edition:1st ed.
Series:Postmigrantische Studien
Subjects:
Online Access:Click to View
LEADER 02542nam a22004213i 4500
001 EBC6742514
003 MiAaPQ
005 20231204023218.0
006 m o d |
007 cr cnu||||||||
008 231204s2021 xx o ||||0 ger d
020 |a 9783839456149  |q (electronic bk.) 
020 |z 9783837656145 
035 |a (MiAaPQ)EBC6742514 
035 |a (Au-PeEL)EBL6742514 
035 |a (OCoLC)1273974559 
040 |a MiAaPQ  |b eng  |e rda  |e pn  |c MiAaPQ  |d MiAaPQ 
100 1 |a Gensluckner, Lisa. 
245 1 4 |a Die Wirklichkeit lesen :  |b Political Literacy und politische Bildung in der Migrationsgesellschaft. 
250 |a 1st ed. 
264 1 |a Bielefeld :  |b transcript,  |c 2021. 
264 4 |c ©2021. 
300 |a 1 online resource (301 pages) 
336 |a text  |b txt  |2 rdacontent 
337 |a computer  |b c  |2 rdamedia 
338 |a online resource  |b cr  |2 rdacarrier 
490 1 |a Postmigrantische Studien ;  |v v.7 
505 0 |a Cover -- Inhalt -- Wirklichkeit anders lesen - Worte zur Einleitung -- Erkundungen - Standpunkte - Perspektiven -- Das Postmigrantische und das Politische -- In der Demokratie gibt es keine Ausnahme -- Die gegensätzliche Positionierung erforschen -- »Zu jemandem werden« -- Das Politische und die politische Bildung -- Nie wieder und das Politische von Bildung -- Das Soziale, das Politische und die politische Bildung -- Emanzipation im Modus der Gleichheit -- Politische Erwachsenenbildung in Österreich -- Das Politische und die Schule: Mikropolitische Analysen -- Politikbegriff, Demokratie, politische Bildung -- Familialisierte Schule - illiteralisierende Praktiken - verweigerte Größe -- Selbstpositionierungen zu »Zugehörigkeit« -- Krisen der Autorität, Krisen der Ordnung -- Literacy - Dimensionen eines Begriffs und ein Modell zur kritischen Textarbeit -- AutorInnenverzeichnis. 
588 |a Description based on publisher supplied metadata and other sources. 
590 |a Electronic reproduction. Ann Arbor, Michigan : ProQuest Ebook Central, 2023. Available via World Wide Web. Access may be limited to ProQuest Ebook Central affiliated libraries.  
655 4 |a Electronic books. 
700 1 |a Ralser, Michaela. 
700 1 |a Thomas-Olalde, Oscar. 
700 1 |a Yildiz, Erol. 
776 0 8 |i Print version:  |a Gensluckner, Lisa  |t Die Wirklichkeit lesen  |d Bielefeld : transcript,c2021  |z 9783837656145 
797 2 |a ProQuest (Firm) 
830 0 |a Postmigrantische Studien 
856 4 0 |u https://ebookcentral.proquest.com/lib/matrademy/detail.action?docID=6742514  |z Click to View